Culture générale dans l'ordre alphabétique - Statistiques

Statistiques générales
  • Ce quiz a été pris 54 fois
  • Le résultat moyen est 6 sur 26
Statistiques - réponses
Questions Réponses % Correct
Un instrument de musique constitué de lames qu'on frappe avec de petits maillets X Xylophone
76%
Constructeur aéronautique français D Dassault
71%
Péninsule située au Nord de la province du Québec portant le nom d’un chien L Labrador
62%
Cité antique détruite en -79 P Pompei
60%
État des USA dont la capitale est Lincoln N Nebraska
48%
Premier joueur africain à recevoir le Ballon d'Or W Weah
48%
Capacité d'être présent en plusieurs lieux à la fois U Ubiquité
43%
Dans les années 1960, dans quel sport s’est distingué Graham Hil F Formule 1
33%
_____ "Nous, c'est le goût" Q Quick
31%
Habitant du nord-est des États-Unis Y Yankee
21%
Tennisman allemand né en 1997 à Hambourg Z Zverev
21%
Économiste autrichien, spécialiste de l'innovation S Schumpeter
12%
"Rat" en argot des poilus G Gaspard
7%
station de moyenne altitude créée en 1972 par Jean Labouly. Utilisée six fois en tant qu'arrivée d'une étape du Tour de France H Hautacam
7%
Quels objets du quotidien le graphiste Robert Kalina a-t-il été chargé de décliner en 7 motifs différents ? B Billets
2%
Graffeur de Brest, connus pour ses pièces incluant des personnages de la culture populaire E Enep
2%
Dans la Torah, c'est la loi "orale et secrète" donnée à Moïse sur le Mont Sinaï K Kabbale
2%
Famille d'insectes à laquelle appartiennent les libellules O Odonates
2%
Entente conclue entre l'Empire Allemand, la monarchie austro-hongroise et le royaume d'Italie T Triplice
2%
Genre de plantes qui regroupe diverses plantes de la famille des Astéracées A Achilée
0%
Quelle expédition ayant duré 8 mois* a été organisée par André Citroën sur le continent Africain ? C Croisière Noire
0%
Oiseau d’Amérique du Sud dont le nom est tiré d’un mot guarani signifiant "oiseau-fantôme" I Ibijau
0%
Danse bretonne traditionnellement pratiquée dans l'ouest et le sud-ouest de la Cornouaille J Jabadao
0%
Le baron à l'origine de l'arrestation de Robespierre M Merda
0%
Surnommé "Tête de brique", "Le Lutin" et "Trompe la mort" R Robic
0%
Quel grammairien français, évoqué dans "les Femmes Savantes" a été l’un des premiers membres de l’Académie Française ? V Vaugelas
0%
Aucun quiz correspondant
Distribution des résultats
% des personnes avec chaque résultat
Percentile par nombre de réponses
Votre historique - résultats
Vous n’avez pas pris ce quiz